00485nam a22001931 4500001001300000003000400013005001700017008004100034010001700075020000900092050001600101082001600117100002500133245001900158250001500177260006300192300001900255999001700274sa 68019756 DLC20260227112719.0851008s1968 ii 00000 eng  asa 68019756  c5.000 aAC8b.C48130 a915.4/14/0310aChatterji, Sudhamoy.10aStray musings. a[1st. ed.]0 aCalcutta,b[distributed by Firma K.L. Mukhopadhyay]c1968. a101 p.c19 cm. c89051d89051